| 000 | 00000nam##2200000za#4500 |
| 001 | 9.676820 |
| 003 | CaOODSP |
| 005 | 20210624230050 |
| 007 | cr ||||||||||| |
| 008 | 150407|2014||||xxc|||||o f|0| 0 fre|d |
| 040 | |aCaOODSP|bfre |
| 041 | |aeng |
| 041 | |afre |
| 043 | |an-cn--- |
| 086 | 1 |aH14-132/3-2014-PDF |
| 110 | 1 |aCanada. |bSanté Canada. |
| 245 | 10|aRadon à Terre-Neuve-et-Labrador |h[ressource électronique] |
| 260 | |aOttawa - Ontario : |bSanté Canada |cc2014. |
| 300 | |aTexte français, 1p.|bcarte |
| 500 | |aLe n° de catalogue (H14-132/3-2014) et l'ISBN (978-1-100-54695-7) de l'édition imprimée bilingue ont été copiés dans l'édition électronique. |
| 590 | |a15-01|b2015-01-02 |
| 776 | 0#|tRadon in Newfoundland and Labrador |w(CaOODSP)9.677763 |
| 791 | |tRadon in Newfoundland and Labrador |eeng|w(CaOODSP)9.676819 |
| 856 | 40|ahttp://publications.gc.ca|qPDF|s247 Ko|uhttps://publications.gc.ca/collections/collection_2014/sc-hc/H14-132-3-2014.pdf |
| 986 | |aNo de publication : 130627 |